<?xml version="1.0" encoding="UTF-8"?>
<marc:record xmlns:marc="http://www.loc.gov/MARC21/slim">
   <marc:leader>00000nam a2200000 a 4500</marc:leader>
   <marc:datafield ind1="1" ind2=" " tag="100">
      <marc:subfield code="a">Tück, Jan-Heiner</marc:subfield>
      <marc:subfield code="4">edt</marc:subfield>
      <marc:subfield code="e">Bearbeiter/-in</marc:subfield>
   </marc:datafield>
   <marc:datafield ind1=" " ind2=" " tag="653">
      <marc:subfield code="a">Djihad</marc:subfield>
   </marc:datafield>
   <marc:datafield ind1=" " ind2=" " tag="653">
      <marc:subfield code="a">Selbstmordattentat</marc:subfield>
   </marc:datafield>
   <marc:datafield ind1=" " ind2=" " tag="653">
      <marc:subfield code="a">Martyrium</marc:subfield>
   </marc:datafield>
   <marc:datafield ind1=" " ind2=" " tag="653">
      <marc:subfield code="a">Christentum</marc:subfield>
   </marc:datafield>
   <marc:datafield ind1=" " ind2=" " tag="653">
      <marc:subfield code="a">Religion</marc:subfield>
   </marc:datafield>
   <marc:datafield ind1=" " ind2=" " tag="653">
      <marc:subfield code="a">Gewalt</marc:subfield>
   </marc:datafield>
   <marc:datafield ind1=" " ind2=" " tag="653">
      <marc:subfield code="a">Softcover / Religion/Theologie/Christentum</marc:subfield>
   </marc:datafield>
   <marc:datafield ind1=" " ind2=" " tag="653">
      <marc:subfield code="a">Märtyrer</marc:subfield>
   </marc:datafield>
   <marc:datafield ind1=" " ind2=" " tag="653">
      <marc:subfield code="a">Terrorismus</marc:subfield>
   </marc:datafield>
   <marc:datafield ind1=" " ind2=" " tag="653">
      <marc:subfield code="a">Islam</marc:subfield>
   </marc:datafield>
   <marc:datafield ind1=" " ind2=" " tag="653">
      <marc:subfield code="a">Aufsatzsammlung</marc:subfield>
   </marc:datafield>
   <marc:datafield ind1="0" ind2="0" tag="245">
      <marc:subfield code="a">Sterben für Gott - töten für Gott?</marc:subfield>
   </marc:datafield>
   <marc:datafield ind1="0" ind2="0" tag="245">
      <marc:subfield code="b">Religion, Martyrium und Gewalt</marc:subfield>
   </marc:datafield>
   <marc:datafield ind1="0" ind2="0" tag="245">
      <marc:subfield code="c">hrsg. von Jan- Heiner Tück</marc:subfield>
   </marc:datafield>
   <marc:datafield ind1=" " ind2="1" tag="264">
      <marc:subfield code="a">Freiburg, Br.</marc:subfield>
      <marc:subfield code="b">Herder</marc:subfield>
      <marc:subfield code="c">2015</marc:subfield>
   </marc:datafield>
   <marc:datafield ind1="1" ind2=" " tag="520">
      <marc:subfield code="a">Angaben aus der Verlagsmeldung

Sterben für Gott - Töten für Gott? : Religion, Martyrium und Gewalt

Mit den Anschlägen von Paris und Kopenhagen haben die Morde im Namen Gottes Europa ein weiteres Mal erreicht. Das Gesicht des Islams droht durch Terror und Gewalt entstellt zu werden. In der öffentlichen Debatte werden Dschihadisten dabei immer wieder als Märtyrer bezeichnet, die durch den »Kampf gegen die Ungläubigen« mit Belohnungen im Paradies rechnen dürfen. Kommt ihnen aber der Ehrentitel »Märtyrer« zu? Sind nicht gerade die Opfer der Dschihadisten die eigentlichen Märtyrer? Der Band fragt nach gewaltkritischen Ressourcen des Islams. Er beleuchtet das Phänomen des Selbstmordattentates und fragt, ob das »Sterben für Gott« zwangsläufig mit dem »Töten für Gott« zusammengehen muss. So legt er Gemeinsamkeiten, aber auch Differenzen zwischen islamischen und jüdischchristlichen Märtyrer-Traditionen frei. Mit Beiträgen u. a. von Katajun Amirpur, Jan Assmann, Ahmed Milad Karimi, Martin Maier, Martin Rhonheimer, Ludger Schwienhorst-Schönberger.
</marc:subfield>
   </marc:datafield>
   <marc:datafield ind1=" " ind2=" " tag="020">
      <marc:subfield code="a">9783451342646</marc:subfield>
      <marc:subfield code="9">9783451342646</marc:subfield>
   </marc:datafield>
   <marc:datafield ind1=" " ind2=" " tag="020">
      <marc:subfield code="a">3451342642</marc:subfield>
      <marc:subfield code="9">3451342642</marc:subfield>
   </marc:datafield>
   <marc:datafield ind1=" " ind2=" " tag="041">
      <marc:subfield code="a">ger</marc:subfield>
   </marc:datafield>
   <marc:datafield ind1=" " ind2=" " tag="300">
      <marc:subfield code="a">269 S.</marc:subfield>
   </marc:datafield>
</marc:record>
